[Event "CZE-ch Women 2019"]
[Site "Prague"]
[Date "2019.06.19"]
[Round "5.2"]
[White "Sikorova, Olga"]
[Black "Kulovana, Eva"]
[Result "1/2-1/2"]
[WhiteElo "2248"]
[BlackElo "2208"]
[Annotator "NA"]
[PlyCount "166"]
[EventDate "2019.06.15"]
[EventType "tourn"]
[EventCountry "CZE"]
[SourceTitle "playchess.com"]
[Source "ChessBase"]
[SourceQuality "1"]
[TimeControl "40/5400+30:1800+30"]

1. Nf3 {[%emt 0:00:00]} Nf6 {[%emt 0:00:00]} 2. c4 {[%emt 0:00:13]} e6 {[%emt 0:00:20]} 3. g3 {[%emt 0:00:29]} d5 {[%emt 0:00:13]} 4. Bg2 {[%emt 0:00:31]} Be7 {[%emt 0:00:17]} 5. O-O {[%emt 0:00:20]} O-O {[%emt 0:00:10]} 6. b3 {[%emt 0:00:21]} c5 {[%emt 0:00:54]} 7. Bb2 {[%emt 0:00:45]} Nc6 {[%emt 0:00:18]} 8. e3 {[%emt 0:00:16]} d4 {[%emt 0:00:18]} 9. exd4 {[%emt 0:00:47]} cxd4 {[%emt 0:00:07]} 10. d3 {[%emt 0:00:28]} e5 {[%emt 0:01:57]} 11. Na3 {[%emt 0:03:20]} a5 {[%emt 0:06:33]} 12. Nc2 {[%emt 0:06:56]} Nd7 {[%emt 0:12:49]} 13. Re1 {[%emt 0:03:44]} f6 {[%emt 0:12:16]} 14. Qe2 {[%emt 0:05:34]} Re8 {[%emt 0:12:44]} 15. Nh4 {[%emt 0:15:24]} g6 {[%emt 0:04:20]} 16. f4 {[%emt 0:04:48]} Bc5 {[%emt 0:13:49]} 17. Qd2 {[%emt 0:14:28]} Nb4 {[%emt 0:12:27]} 18. a3 {[%emt 0:02:43]} Nxc2 {[%emt 0:00:04]} 19. Qxc2 {[%emt 0:00:06]} Ra6 {[%emt 0:01:26]} 20. Rab1 {[%emt 0:16:11]} Rb6 {[%emt 0:00:41]} 21. Bd5+ {[%emt 0:03:23]} Kg7 {[%emt 0:00:56]} 22. Nf3 {[%emt 0:00:28]} Rd6 {[%emt 0:07:28]} 23. Bc1 {[%emt 0:02:52]} Rxd5 {[%emt 0:04:37]} 24. cxd5 {[%emt 0:00:01]} e4 {[%emt 0:00:08]} 25. Bd2 {[%emt 0:08:58]} exf3 {[%emt 0:01:08]} 26. Bxa5 {[%emt 0:03:44]} b6 {[%emt 0:02:21]} 27. Bd2 {[%emt 0:00:43]} Bb7 {[%emt 0:00:19]} 28. b4 {[%emt 0:00:49]} Bd6 {[%emt 0:00:45]} 29. Qc4 {[%emt 0:01:59]} Rxe1+ {[%emt 0:00:46]} 30. Rxe1 {[%emt 0:00:30]} Qa8 {[%emt 0:00:19]} 31. Qxd4 {[%emt 0:02:05]} Qxa3 {[%emt 0:01:44]} 32. Ra1 {[%emt 0:02:18]} Qb3 {[%emt 0:00:14]} 33. Kf2 {[%emt 0:00:33]} Bb8 {[%emt 0:01:16]} 34. Kxf3 {[%emt 0:00:19]} Qxd5+ {[%emt 0:01:08]} 35. Qxd5 {[%emt 0:00:03]} Bxd5+ {[%emt 0:00:07]} 36. Ke2 {[%emt 0:00:17]} Kf7 {[%emt 0:00:22]} 37. Be3 {[%emt 0:00:55]} Bb7 {[%emt 0:00:23]} 38. Rc1 {[%emt 0:00:38]} Ke6 {[%emt 0:00:23]} 39. Rc4 {[%emt 0:00:49]} f5 {[%emt 0:01:04]} 40. Bd4 {[%emt 0:00:38]} Bd6 {[%emt 0:00:38]} 41. b5 {[%emt 0:06:14]} Nc5 {[%emt 0:07:23]} 42. Bxc5 {[%emt 0:02:58]} Bxc5 {[%emt 0:01:35]} 43. d4 {[%emt 0:03:15]} Bd6 {[%emt 0:00:53]} 44. Ra4 {[%emt 0:01:04]} Bb8 {[%emt 0:01:46]} 45. Kd3 {[%emt 0:00:20]} h6 {[%emt 0:01:47]} 46. Ra1 {[%emt 0:03:16]} g5 {[%emt 0:02:14]} 47. Ke3 {[%emt 0:00:35]} Kd5 {[%emt 0:00:52]} 48. Rc1 {[%emt 0:00:24]} Bd6 {[%emt 0:01:01]} 49. h4 {[%emt 0:03:50]} g4 {[%emt 0:02:46]} 50. Kd3 {[%emt 0:01:41]} Ke6 {[%emt 0:00:53]} 51. Re1+ {[%emt 0:05:44]} Be4+ {[%emt 0:02:04]} 52. Kc4 {[%emt 0:00:04]} Kd7 {[%emt 0:02:04]} 53. Ra1 {[%emt 0:01:04]} Bb8 {[%emt 0:00:28]} 54. Ra6 {[%emt 0:01:16]} Kc7 {[%emt 0:00:52]} 55. Ra2 {[%emt 0:00:39]} Kb7 {[%emt 0:00:34]} 56. Ra1 {[%emt 0:01:18]} Bd6 {[%emt 0:00:39]} 57. Ra2 {[%emt 0:00:05]} Bf3 {[%emt 0:00:55]} 58. Rb2 {[%emt 0:01:49]} Ba3 {[%emt 0:00:30]} 59. Rc2 {[%emt 0:00:36]} Be4 {[%emt 0:01:20]} 60. Re2 {[%emt 0:00:47]} Bc1 {[%emt 0:00:51]} 61. Re1 {[%emt 0:02:05]} Bd2 {[%emt 0:00:46]} 62. Re2 {[%emt 0:00:03]} Ba5 {[%emt 0:00:39]} 63. Re3 {[%emt 0:00:07]} Kc7 {[%emt 0:00:37]} 64. Re2 {[%emt 0:00:01]} Kd6 {[%emt 0:00:09]} 65. Re3 {[%emt 0:00:19]} Bg2 {[%emt 0:03:40]} 66. Re5 {[%emt 0:01:08]} Bf1+ {[%emt 0:00:22]} 67. Kb3 {[%emt 0:00:11]} Bd3 {[%emt 0:00:24]} 68. Re3 {[%emt 0:00:15]} Bxb5 {[%emt 0:00:16]} 69. Re5 {[%emt 0:01:26]} Bd3 {[%emt 0:00:21]} 70. Re8 {[%emt 0:01:02]} b5 {[%emt 0:01:05]} 71. h5 {[%emt 0:01:12]} Kd5 {[%emt 0:05:45]} 72. Rh8 {[%emt 0:00:01]} Bb6 {[%emt 0:00:35]} 73. Rxh6 {[%emt 0:00:33]} Bxd4 {[%emt 0:00:07]} 74. Rh7 {[%emt 0:00:19]} Ke4 {[%emt 0:01:03]} 75. h6 {[%emt 0:00:53]} Bc4+ {[%emt 0:00:22]} 76. Kb4 {[%emt 0:00:15]} Kf3 {[%emt 0:00:41]} 77. Rd7 {[%emt 0:00:12]} Bf6 {[%emt 0:00:25]} 78. h7 {[%emt 0:00:43]} Kxg3 {[%emt 0:00:41]} 79. Rd6 {[%emt 0:00:37]} Bh8 {[%emt 0:00:50]} 80. Rd8 {[%emt 0:00:28]} Bg7 {[%emt 0:00:17]} 81. Rd7 {[%emt 0:00:08]} Bf6 {[%emt 0:00:44]} 82. Rd6 {[%emt 0:00:01]} Bb2 {[%emt 0:00:49]} 83. Rd2 {[%emt 0:00:03]} Bf6 {[%emt 0:00:37]} 1/2-1/2

[Event "CZE-ch Women 2019"]
[Site "Prague"]
[Date "2019.06.19"]
[Round "5.3"]
[White "Rodshtein, Tereza"]
[Black "Laurincova, Kristyna"]
[Result "1/2-1/2"]
[WhiteElo "2213"]
[BlackElo "1984"]
[Annotator "NA"]
[PlyCount "104"]
[EventDate "2019.06.15"]
[EventType "tourn"]
[EventCountry "CZE"]
[SourceTitle "playchess.com"]
[Source "ChessBase"]
[SourceQuality "1"]
[TimeControl "40/5400+30:1800+30"]

1. e4 {[%emt 0:00:00]} c5 {[%emt 0:00:00]} 2. Nf3 {[%emt 0:00:00]} d6 {[%emt 0:00:00]} 3. d4 {[%emt 0:00:00]} cxd4 {[%emt 0:00:00]} 4. Nxd4 {[%emt 0:00:00]} Nf6 {[%emt 0:00:00]} 5. Nc3 {[%emt 0:00:00]} g6 {[%emt 0:00:00]} 6. Be3 {[%emt 0:00:25]} Bg7 {[%emt 0:00:05]} 7. Bc4 {[%emt 0:01:27]} O-O {[%emt 0:00:14]} 8. f3 {[%emt 0:03:06]} Nc6 {[%emt 0:00:07]} 9. Qd2 {[%emt 0:00:10]} Nd7 {[%emt 0:00:09]} 10. O-O-O {[%emt 0:01:50]} Nb6 {[%emt 0:00:52]} 11. Be2 {[%emt 0:00:36]} Ne5 {[%emt 0:12:43]} 12. b3 {[%emt 0:00:19]} a6 {[%emt 0:11:33]} 13. h4 {[%emt 0:03:32]} d5 {[%emt 0:01:41]} 14. Bh6 {[%emt 0:12:52]} Bxh6 {[%emt 0:15:17]} 15. Qxh6 {[%emt 0:00:04]} f6 {[%emt 0:02:31]} 16. exd5 {[%emt 0:12:31]} Nxd5 {[%emt 0:04:16]} 17. Nxd5 {[%emt 0:13:10]} Qxd5 {[%emt 0:02:04]} 18. Qe3 {[%emt 0:00:53]} Qc5 {[%emt 0:02:20]} 19. h5 {[%emt 0:00:38]} g5 {[%emt 0:12:40]} 20. Qe4 {[%emt 0:03:35]} Kh8 {[%emt 0:05:10]} 21. Kb1 {[%emt 0:04:37]} f5 {[%emt 0:13:25]} 22. Qe3 {[%emt 0:00:20]} Nc6 {[%emt 0:02:02]} 23. g4 {[%emt 0:15:03]} fxg4 {[%emt 0:06:12]} 24. fxg4 {[%emt 0:00:24]} Rf4 {[%emt 0:04:06]} 25. c3 {[%emt 0:01:34]} Bxg4 {[%emt 0:01:47]} 26. Bxg4 {[%emt 0:00:22]} Rxg4 {[%emt 0:00:01]} 27. b4 {[%emt 0:04:54]} Qc4 {[%emt 0:03:37]} 28. Nxc6 Qxc6 {[%emt 0:00:01]} 29. Qxe7 {[%emt 0:04:43]} Re8 {[%emt 0:00:01]} 30. Qd7 {[%emt 0:04:19]} Qe4+ {[%emt 0:00:49]} 31. Qd3 {[%emt 0:01:45]} h6 {[%emt 0:01:12]} 32. Qxe4 {[%emt 0:02:39]} Rgxe4 {[%emt 0:00:01]} 33. Rd6 {[%emt 0:00:10]} R4e6 {[%emt 0:00:31]} 34. Rd7 {[%emt 0:00:36]} R8e7 {[%emt 0:00:14]} 35. Rd8+ {[%emt 0:00:05]} Kg7 {[%emt 0:00:20]} 36. Kc2 {[%emt 0:03:20]} Re5 {[%emt 0:01:24]} 37. a4 {[%emt 0:00:38]} g4 {[%emt 0:00:34]} 38. Rg1 {[%emt 0:01:32]} Rg5 {[%emt 0:00:04]} 39. Kb3 {[%emt 0:04:18]} Kf6 {[%emt 0:00:50]} 40. Rd6+ {[%emt 0:01:38]} Kg7 {[%emt 0:00:35]} 41. Rd4 {[%emt 0:30:38]} g3 {[%emt 0:30:21]} 42. Rd3 {[%emt 0:01:15]} g2 {[%emt 0:00:11]} 43. Rd2 {[%emt 0:00:08]} Rxh5 {[%emt 0:00:27]} 44. Rdxg2+ {[%emt 0:00:11]} Kf6 {[%emt 0:00:31]} 45. Rg6+ {[%emt 0:01:32]} Kf5 {[%emt 0:00:10]} 46. Rb6 {[%emt 0:00:00]} Rh3 {[%emt 0:00:00]} 47. Rf1+ {[%emt 0:00:00]} Kg5 {[%emt 0:00:00]} 48. Rg1+ {[%emt 0:00:00]} Kf5 {[%emt 0:00:00]} 49. a5 {[%emt 0:00:00]} Rc7 {[%emt 0:00:00]} 50. Rf1+ {[%emt 0:00:00]} Kg5 {[%emt 0:00:00]} 51. Rg1+ {[%emt 0:00:00]} Kf4 {[%emt 0:00:00]} 52. Rf1+ {[%emt 0:00:00]} Ke5 1/2-1/2

[Event "CZE-ch Women 2019"]
[Site "Prague"]
[Date "2019.06.19"]
[Round "5.4"]
[White "Pychova, Nela"]
[Black "Kanakova, Natalie"]
[Result "1/2-1/2"]
[WhiteElo "2174"]
[BlackElo "2201"]
[Annotator "NA"]
[PlyCount "96"]
[EventDate "2019.06.15"]
[EventType "tourn"]
[EventCountry "CZE"]
[SourceTitle "playchess.com"]
[Source "ChessBase"]
[SourceQuality "1"]
[TimeControl "40/5400+30:1800+30"]

1. Nf3 {[%emt 0:00:00]} c5 {[%emt 0:00:00]} 2. c4 {[%emt 0:00:00]} Nc6 {[%emt 0:00:20]} 3. Nc3 {[%emt 0:00:08]} e5 {[%emt 0:00:29]} 4. g3 {[%emt 0:00:15]} g6 {[%emt 0:00:43]} 5. Bg2 {[%emt 0:00:10]} Bg7 {[%emt 0:00:13]} 6. O-O {[%emt 0:00:11]} d6 {[%emt 0:02:01]} 7. a3 {[%emt 0:01:46]} a5 {[%emt 0:01:19]} 8. Ne1 {[%emt 0:02:00]} Be6 {[%emt 0:02:58]} 9. Nd5 {[%emt 0:03:18]} Nge7 {[%emt 0:01:21]} 10. Qa4 {[%emt 0:05:03]} O-O {[%emt 0:01:11]} 11. Nxe7+ {[%emt 0:06:51]} Qxe7 {[%emt 0:00:00]} 12. Nc2 {[%emt 0:01:39]} f5 {[%emt 0:13:22]} 13. Ne3 {[%emt 0:04:34]} Nd4 {[%emt 0:08:02]} 14. Qd1 {[%emt 0:02:02]} f4 {[%emt 0:09:09]} 15. Nd5 {[%emt 0:02:00]} Qg5 {[%emt 0:06:58]} 16. d3 {[%emt 0:19:29]} Qh5 {[%emt 0:10:27]} 17. f3 {[%emt 0:05:47]} g5 {[%emt 0:03:33]} 18. Nc7 {[%emt 0:07:03]} Rac8 {[%emt 0:02:36]} 19. Nxe6 {[%emt 0:00:31]} Nxe6 {[%emt 0:00:03]} 20. e3 {[%emt 0:05:53]} Rb8 {[%emt 0:02:18]} 21. b4 {[%emt 0:07:19]} axb4 {[%emt 0:09:32]} 22. axb4 {[%emt 0:00:04]} cxb4 {[%emt 0:01:17]} 23. Rb1 {[%emt 0:01:29]} Nc5 {[%emt 0:02:47]} 24. Rxb4 {[%emt 0:01:38]} Qg6 {[%emt 0:00:47]} 25. e4 {[%emt 0:02:04]} Qe6 {[%emt 0:01:41]} 26. Bb2 {[%emt 0:02:28]} Ra8 {[%emt 0:02:06]} 27. Qe2 {[%emt 0:04:22]} Ra2 {[%emt 0:01:57]} 28. Ra1 {[%emt 0:00:39]} Rfa8 {[%emt 0:00:08]} 29. Rxa2 {[%emt 0:00:23]} Rxa2 {[%emt 0:00:04]} 30. Qf1 {[%emt 0:00:09]} h5 {[%emt 0:04:44]} 31. Qb1 {[%emt 0:02:56]} Ra6 {[%emt 0:01:22]} 32. Qd1 {[%emt 0:01:12]} Kf7 {[%emt 0:05:46]} 33. Bf1 {[%emt 0:01:34]} Bf6 {[%emt 0:00:35]} 34. Rb5 {[%emt 0:01:30]} Qc8 {[%emt 0:03:56]} 35. Qc1 {[%emt 0:01:08]} Ne6 {[%emt 0:01:47]} 36. Bc3 {[%emt 0:06:36]} b6 {[%emt 0:01:39]} 37. Qb2 {[%emt 0:01:02]} Qc6 {[%emt 0:00:08]} 38. Qg2 {[%emt 0:00:36]} Ra3 {[%emt 0:00:29]} 39. Bb2 {[%emt 0:01:21]} Ra5 {[%emt 0:00:11]} 40. Rb3 {[%emt 0:01:56]} Nc5 {[%emt 0:01:22]} 41. Ra3 {[%emt 0:07:01]} Rxa3 {[%emt 0:10:38]} 42. Bxa3 {[%emt 0:00:03]} Qa4 {[%emt 0:00:33]} 43. Bxc5 {[%emt 0:02:13]} bxc5 {[%emt 0:00:04]} 44. Qh3 {[%emt 0:00:46]} h4 {[%emt 0:00:07]} 45. gxh4 {[%emt 0:01:37]} gxh4 {[%emt 0:00:06]} 46. Qf5 {[%emt 0:00:41]} Qd1 {[%emt 0:01:12]} 47. Qd7+ {[%emt 0:01:24]} Be7 {[%emt 0:00:07]} 48. Qf5+ {[%emt 0:00:17]} Bf6 {[%emt 0:00:09]} 1/2-1/2

[Event "CZE-ch Women 2019"]
[Site "Prague"]
[Date "2019.06.19"]
[Round "5.5"]
[White "Miturova, Magdalena"]
[Black "Petrova, Kristyna"]
[Result "1-0"]
[WhiteElo "2220"]
[BlackElo "2259"]
[Annotator "NA"]
[PlyCount "115"]
[EventDate "2019.06.15"]
[EventType "tourn"]
[EventCountry "CZE"]
[SourceTitle "playchess.com"]
[Source "ChessBase"]
[SourceQuality "1"]
[TimeControl "40/5400+30:1800+30"]

1. Nf3 {[%emt 0:00:00]} Nf6 {[%emt 0:00:00]} 2. g3 {[%emt 0:00:00]} d5 {[%emt 0:00:07]} 3. Bg2 {[%emt 0:00:00]} g6 {[%emt 0:00:37]} 4. d4 {[%emt 0:00:36]} Bg7 {[%emt 0:00:09]} 5. O-O {[%emt 0:01:56]} O-O {[%emt 0:00:07]} 6. b3 {[%emt 0:04:13]} c5 {[%emt 0:01:35]} 7. e3 {[%emt 0:03:56]} Nc6 {[%emt 0:04:01]} 8. Bb2 {[%emt 0:00:37]} cxd4 {[%emt 0:14:08]} 9. Nxd4 {[%emt 0:01:46]} Nxd4 {[%emt 0:00:21]} 10. Bxd4 {[%emt 0:01:54]} Qd6 {[%emt 0:00:13]} 11. Bb2 {[%emt 0:04:05]} Rd8 {[%emt 0:02:10]} 12. Na3 {[%emt 0:08:46]} Bg4 {[%emt 0:10:15]} 13. f3 {[%emt 0:00:18]} Be6 {[%emt 0:02:19]} 14. Qe2 {[%emt 0:13:29]} Ne8 {[%emt 0:09:28]} 15. Nb5 {[%emt 0:05:15]} Qa6 {[%emt 0:03:08]} 16. Bxg7 {[%emt 0:00:24]} Nxg7 {[%emt 0:01:36]} 17. g4 {[%emt 0:03:44]} Bd7 {[%emt 0:04:54]} 18. a4 {[%emt 0:02:01]} Qb6 {[%emt 0:08:35]} 19. Rad1 {[%emt 0:02:08]} a6 {[%emt 0:02:40]} 20. Nc3 {[%emt 0:01:26]} Bc6 {[%emt 0:00:03]} 21. Qf2 {[%emt 0:04:00]} Qb4 {[%emt 0:11:38]} 22. Rd3 {[%emt 0:03:18]} h5 {[%emt 0:07:50]} 23. h3 {[%emt 0:01:37]} Rd6 {[%emt 0:04:21]} 24. Ne2 {[%emt 0:05:01]} Rc8 {[%emt 0:03:31]} 25. Rfd1 {[%emt 0:07:02]} hxg4 {[%emt 0:00:53]} 26. hxg4 {[%emt 0:00:03]} b5 {[%emt 0:01:12]} 27. a5 {[%emt 0:13:52]} Qxa5 {[%emt 0:01:02]} 28. Qh4 {[%emt 0:00:04]} Qd8 {[%emt 0:01:32]} 29. Kf2 {[%emt 0:01:41]} e5 {[%emt 0:01:47]} 30. Qh2 {[%emt 0:03:03]} f6 {[%emt 0:00:07]} 31. Rh1 {[%emt 0:00:44]} Kf7 {[%emt 0:00:12]} 32. f4 {[%emt 0:02:24]} d4 {[%emt 0:01:35]} 33. e4 {[%emt 0:00:11]} Qe8 {[%emt 0:02:35]} 34. f5 {[%emt 0:00:37]} g5 {[%emt 0:01:16]} 35. Qh6 {[%emt 0:01:53]} Qg8 {[%emt 0:00:10]} 36. Qg6+ {[%emt 0:00:31]} Kf8 {[%emt 0:00:05]} 37. Rh7 {[%emt 0:01:16]} Rc7 {[%emt 0:00:50]} 38. Qh6 {[%emt 0:03:27]} Qf7 {[%emt 0:00:07]} 39. Ng3 {[%emt 0:00:35]} Be8 {[%emt 0:01:37]} 40. Nh5 {[%emt 0:00:36]} Rxc2+ {[%emt 0:00:25]} 41. Kg3 {[%emt 0:02:26]} Rc7 {[%emt 0:02:23]} 42. Nxg7 {[%emt 0:07:28]} Qxg7 {[%emt 0:00:13]} 43. Rxg7 {[%emt 0:00:02]} Rxg7 {[%emt 0:00:09]} 44. Rd1 {[%emt 0:02:37]} Rc6 {[%emt 0:00:29]} 45. Bf3 {[%emt 0:01:03]} Bf7 {[%emt 0:04:05]} 46. b4 {[%emt 0:01:17]} Bg8 {[%emt 0:00:35]} 47. Qh2 {[%emt 0:05:04]} Rh7 {[%emt 0:00:20]} 48. Qg1 {[%emt 0:00:39]} Rc2 {[%emt 0:01:31]} 49. Ra1 {[%emt 0:02:12]} Rc6 {[%emt 0:00:26]} 50. Ra3 {[%emt 0:03:05]} Rhc7 {[%emt 0:01:53]} 51. Qh1 {[%emt 0:01:02]} Kg7 {[%emt 0:00:33]} 52. Ra1 {[%emt 0:01:48]} Bf7 {[%emt 0:03:54]} 53. Qh3 {[%emt 0:04:11]} Bg8 {[%emt 0:02:12]} 54. Rh1 {[%emt 0:01:00]} Kf8 {[%emt 0:00:11]} 55. Qh8 {[%emt 0:00:25]} Rg7 {[%emt 0:07:05]} 56. Rh6 {[%emt 0:00:19]} Rd6 {[%emt 0:00:28]} 57. Bd1 {[%emt 0:01:32]} Rc6 {[%emt 0:01:20]} 58. Kf2 {[%emt 0:00:28]} 1-0

[Event "CZE-ch Women 2019"]
[Site "Prague"]
[Date "2019.06.20"]
[Round "6.1"]
[White "Novosadova, Kristyna"]
[Black "Petrova, Kristyna"]
[Result "0-1"]
[WhiteElo "2209"]
[BlackElo "2259"]
[Annotator "NA"]
[PlyCount "54"]
[EventDate "2019.06.15"]
[EventType "tourn"]
[EventCountry "CZE"]
[SourceTitle "playchess.com"]
[Source "ChessBase"]
[SourceQuality "1"]
[TimeControl "40/5400+30:1800+30"]

1. d4 {[%emt 0:00:00]} Nf6 {[%emt 0:00:00]} 2. c4 {[%emt 0:00:00]} e6 {[%emt 0:00:00]} 3. Nf3 {[%emt 0:00:00]} d5 {[%emt 0:00:00]} 4. Nc3 {[%emt 0:02:42]} Be7 {[%emt 0:00:43]} 5. g4 {[%emt 0:01:17]} Ne4 {[%emt 0:06:38]} 6. Rg1 {[%emt 0:05:27]} c5 {[%emt 0:02:43]} 7. cxd5 {[%emt 0:06:46]} exd5 {[%emt 0:04:31]} 8. Qa4+ {[%emt 0:00:26]} Nc6 {[%emt 0:02:54]} 9. Ne5 {[%emt 0:03:31]} O-O {[%emt 0:09:44]} 10. Nxc6 {[%emt 0:09:49]} bxc6 $17 {[%emt 0:00:05]} 11. Nxe4 {[%emt 0:18:17]} dxe4 {[%emt 0:01:37]} 12. Bg2 {[%emt 0:00:10]} cxd4 {[%emt 0:24:17]} 13. Bxe4 {[%emt 0:00:09]} Rb8 {[%emt 0:00:43]} 14. Qc2 {[%emt 0:03:31]} g6 {[%emt 0:03:25]} 15. Bf4 {[%emt 0:04:08]} Bd6 {[%emt 0:04:50]} 16. Bg3 {[%emt 0:09:14]} c5 {[%emt 0:03:08]} 17. Bxd6 {[%emt 0:01:44]} Qxd6 {[%emt 0:00:03]} 18. Rg3 {[%emt 0:02:54]} Re8 {[%emt 0:02:42]} 19. Kf1 {[%emt 0:09:54]} c4 {[%emt 0:01:24]} 20. Kg1 {[%emt 0:01:22]} Qe5 {[%emt 0:03:03]} 21. Bf3 {[%emt 0:04:11]} Ba6 {[%emt 0:03:14]} 22. Qa4 {[%emt 0:05:59]} Re6 {[%emt 0:02:41]} 23. Qa3 {[%emt 0:02:59]} d3 {[%emt 0:02:00]} 24. exd3 {[%emt 0:01:12]} cxd3 {[%emt 0:00:28]} 25. Rd1 {[%emt 0:02:23]} d2 {[%emt 0:01:56]} 26. Qe3 {[%emt 0:01:33]} Qxb2 {[%emt 0:01:45]} 27. Qxa7 {[%emt 0:01:44]} Re1+ {[%emt 0:00:13]} 0-1

[Event "CZE-ch Women 2019"]
[Site "Prague"]
[Date "2019.06.20"]
[Round "6.2"]
[White "Kanakova, Natalie"]
[Black "Miturova, Magdalena"]
[Result "0-1"]
[WhiteElo "2201"]
[BlackElo "2220"]
[Annotator "NA"]
[PlyCount "106"]
[EventDate "2019.06.15"]
[EventType "tourn"]
[EventCountry "CZE"]
[SourceTitle "playchess.com"]
[Source "ChessBase"]
[SourceQuality "1"]
[TimeControl "40/5400+30:1800+30"]

1. e4 {[%emt 0:00:00]} e6 {[%emt 0:00:00]} 2. d4 {[%emt 0:00:34]} d5 {[%emt 0:00:00]} 3. Nd2 {[%emt 0:01:10]} Nf6 {[%emt 0:00:00]} 4. Bd3 {[%emt 0:02:14]} c5 {[%emt 0:00:52]} 5. c3 {[%emt 0:01:00]} Nc6 {[%emt 0:01:30]} 6. Ngf3 {[%emt 0:02:16]} cxd4 {[%emt 0:09:08]} 7. cxd4 {[%emt 0:02:27]} Bb4 {[%emt 0:16:50]} 8. e5 {[%emt 0:06:55]} Nd7 {[%emt 0:00:14]} 9. O-O {[%emt 0:00:45]} f5 {[%emt 0:03:47]} 10. exf6 $16 {[%emt 0:05:40]} Qxf6 {[%emt 0:02:37]} 11. Nb3 {[%emt 0:03:30]} h6 {[%emt 0:02:13]} 12. Bc2 {[%emt 0:05:20]} Bd6 {[%emt 0:12:55]} 13. a3 {[%emt 0:03:25]} O-O {[%emt 0:00:26]} 14. Qd3 {[%emt 0:12:28]} Rd8 {[%emt 0:00:24]} 15. Bd2 {[%emt 0:13:38]} Nf8 {[%emt 0:00:43]} 16. Rae1 {[%emt 0:02:50]} a5 {[%emt 0:11:38]} 17. Bc3 {[%emt 0:04:01]} Ne7 {[%emt 0:00:56]} 18. Bxa5 {[%emt 0:08:55]} b6 {[%emt 0:05:01]} 19. Bxb6 {[%emt 0:00:03]} Ba6 {[%emt 0:00:06]} 20. Qxa6 {[%emt 0:00:22]} Rxa6 {[%emt 0:00:07]} 21. Bxd8 {[%emt 0:00:03]} Rc6 {[%emt 0:03:41]} 22. Rc1 {[%emt 0:03:40]} g6 {[%emt 0:04:42]} 23. Bd3 {[%emt 0:03:38]} Rxc1 {[%emt 0:00:22]} 24. Rxc1 {[%emt 0:00:07]} Qf4 {[%emt 0:07:56]} 25. Nbd2 {[%emt 0:01:23]} g5 {[%emt 0:06:07]} 26. g3 {[%emt 0:00:06]} Qg4 {[%emt 0:00:18]} 27. Bc7 {[%emt 0:02:17]} Bxc7 {[%emt 0:03:27]} 28. Rxc7 {[%emt 0:00:04]} Nf5 {[%emt 0:00:28]} 29. Kg2 {[%emt 0:01:24]} Nh4+ {[%emt 0:03:23]} 30. Nxh4 {[%emt 0:00:12]} gxh4 {[%emt 0:00:01]} 31. h3 {[%emt 0:03:29]} Qxd4 {[%emt 0:00:06]} 32. Rc3 {[%emt 0:00:07]} hxg3 {[%emt 0:01:22]} 33. fxg3 {[%emt 0:00:07]} e5 {[%emt 0:01:04]} 34. Nf1 {[%emt 0:05:30]} Qb6 {[%emt 0:01:00]} 35. b4 {[%emt 0:00:55]} e4 {[%emt 0:00:44]} 36. Be2 {[%emt 0:00:29]} d4 {[%emt 0:00:55]} 37. Rc5 {[%emt 0:01:16]} Kg7 {[%emt 0:00:49]} 38. Re5 {[%emt 0:03:23]} d3 {[%emt 0:00:42]} 39. Bg4 {[%emt 0:01:24]} Qd4 {[%emt 0:00:20]} 40. Re7+ {[%emt 0:02:07]} Kf6 {[%emt 0:01:23]} 41. Re8 {[%emt 0:01:21]} Ng6 {[%emt 0:05:30]} 42. Re6+ {[%emt 0:01:06]} Kf7 {[%emt 0:01:09]} 43. Rc6 {[%emt 0:04:22]} Ne5 {[%emt 0:03:12]} 44. Bh5+ {[%emt 0:01:19]} Kg7 {[%emt 0:01:31]} 45. Rc7+ {[%emt 0:00:41]} Kf6 {[%emt 0:00:04]} 46. Rc8 {[%emt 0:00:26]} e3 {[%emt 0:04:58]} 47. Rf8+ {[%emt 0:01:32]} Kg7 {[%emt 0:00:10]} 48. Rf4 {[%emt 0:00:31]} Qb2+ {[%emt 0:00:25]} 49. Kg1 {[%emt 0:00:26]} e2 {[%emt 0:00:32]} 50. Re4 {[%emt 0:00:24]} exf1=Q+ {[%emt 0:01:37]} 51. Kxf1 {[%emt 0:00:02]} d2 {[%emt 0:01:02]} 52. Re3 {[%emt 0:01:55]} Qd4 {[%emt 0:03:52]} 53. Kf2 {[%emt 0:00:33]} Nc4 {[%emt 0:00:10]} 0-1